[Event "Challenge"]
[Site "http://www.queenalice.com/game.php?id=1165279"]
[Date "2013.3.27"]
[Round "-"]
[White "Leofelix"]
[Black "JungJoe"]
[Result "0-1"]
[WhiteElo "1816"]
[BlackElo "2002"]

1. e4 c6 2. Nf3 d5 3. exd5 cxd5 4. d4 Nf6 5. Bb5+ Nc6 6. c4 a6 7. Bxc6+ bxc6 8.
Qa4 Bd7 9. O-O c5 10. Qc2 e6 0-1

[Event "AUTO-MASTER-1849"]
[Site "http://www.queenalice.com/game.php?id=1169543"]
[Date "2013.4.8"]
[Round "1"]
[White "Alexandrovinsk"]
[Black "JungJoe"]
[Result "1-0"]
[WhiteElo "2109"]
[BlackElo "2031"]

1. e4 c6 2. d4 d5 3. Bd3 dxe4 4. Bxe4 Nf6 5. Bf3 Bf5 6. Ne2 e6 7. O-O Be7 8. c4
O-O 9. Ng3 Bg6 10. Nc3 Nbd7 11. Re1 Qc7 12. Nge4 Rae8 13. g3 Nxe4 14. Nxe4 f5
15. Ng5 Bxg5 16. Bxg5 h6 17. Bf4 e5 18. dxe5 Nxe5 19. Bg2 Qa5 20. b4 Qxb4 21.
Bxe5 Rd8 22. Qb3 a5 23. Bc3 Qc5 24. Qxb7 Qxc4 25. Qxg7# 1-0

[Event "AUTO-MASTER-1849"]
[Site "http://www.queenalice.com/game.php?id=1169544"]
[Date "2013.4.8"]
[Round "1"]
[White "JungJoe"]
[Black "Alexandrovinsk"]
[Result "0-1"]
[WhiteElo "1987"]
[BlackElo "2195"]

1. c4 f5 2. Nc3 Nf6 3. Nf3 e6 4. g3 Be7 5. Bg2 O-O 6. O-O d5 7. d3 c6 8. a3 b6
9. b4 Nbd7 10. Rb1 Bb7 11. Nd4 Kf7 12. Qd2 Qc7 13. b5 c5 14. Nf3 d4 15. Ng5+ Kg8
16. Bxb7 Qxb7 17. Nxe6 Rf7 18. Ng5 Rff8 19. Ne6 Rfe8 20. Nd5 Nxd5 21. cxd5 Nf6
22. Qf4 Nxd5 23. Qxf5 Nc3 24. Qg4 Bf6 25. Rb2 Re7 26. f4 Qd7 27. f5 Nxb5 28. Bg5
Bxg5 29. Qxg5 Rf7 30. g4 Nxa3 31. Rf3 Nb5 32. Rb1 Nc7 33. Rbf1 Nd5 34. Rh3 Rf6
35. Rh5 Re8 36. Rf3 Nc7 37. Nf4 Re3 38. Qh4 Rxf3 39. exf3 h6 40. Ng6 Qe8 41. Qg3
Nd5 42. Kf2 a5 43. Kf1 a4 44. Qf2 Qe3 45. Qg3 Qxd3+ 46. Kg2 Qe2+ 47. Kh3 Qe8 48.
Rxh6 gxh6 49. Qh4 Kg7 50. g5 Rxg6 51. fxg6 Qe6+ 52. Kg2 Qxg6 53. f4 Nxf4+ 54.
Qxf4 Qxg5+ 55. Kf3 Qxf4+ 0-1

[Event "AUTO-MASTER-1849"]
[Site "http://www.queenalice.com/game.php?id=1169557"]
[Date "2013.4.8"]
[Round "1"]
[White "JungJoe"]
[Black "TheAlchemist"]
[Result "1-0"]
[WhiteElo "2014"]
[BlackElo "2149"]

1. c4 e5 2. Nc3 Nc6 3. g3 g6 4. Bg2 Bg7 5. e4 d6 6. Nge2 Nf6 7. d3 Be6 8. Rb1 a5
9. Nd5 O-O 10. O-O Qd7 11. Bg5 Nh5 12. Nec3 Nd4 13. Qa4 Qxa4 14. Nxa4 f6 15. Bd2
Rf7 16. Kh1 f5 17. Bh3 fxe4 18. Bxe6 Nxe6 19. dxe4 Nd4 20. b3 Nf6 21. f3 Nxd5
22. cxd5 Nxf3 23. Rf2 Nxd2 24. Rxf7 Kxf7 25. Rb2 Nxe4 26. Re2 Ng5 27. Nc3 Ke7
28. Kg2 Rf8 29. h4 Nf3 30. Rf2 Ne1+ 31. Kf1 Rxf2+ 32. Kxf2 Nd3+ 33. Ke3 Nc5 34.
g4 1-0

[Event "AUTO-MASTER-1849"]
[Site "http://www.queenalice.com/game.php?id=1169558"]
[Date "2013.4.8"]
[Round "1"]
[White "TheAlchemist"]
[Black "JungJoe"]
[Result "1-0"]
[WhiteElo "2226"]
[BlackElo "2022"]

1. d4 Nf6 2. c4 g6 3. Nc3 Bg7 4. e4 d6 5. f3 c6 6. Be3 O-O 7. Qd2 Nbd7 8. Bd3 e5
9. d5 Nh5 10. O-O-O c5 11. g4 Nhf6 12. h4 h5 13. Nge2 Nh7 14. Rdg1 Bf6 15. gxh5
Bg7 16. hxg6 Nhf6 17. h5 Re8 18. h6 Bh8 19. h7+ Kf8 20. g7+ Ke7 21. gxh8=Q Rxh8
22. Bg5 Nb6 23. Rh6 Kd7 24. Bxf6 Qf8 25. Bxh8 Kc7 26. Nb5+ Kb8 27. Bxe5 dxe5 28.
h8=Q Qe7 29. Rxb6 axb6 30. Rg8 Qd7 31. Rd8 1-0

[Event "AUTO-MASTER-1849"]
[Site "http://www.queenalice.com/game.php?id=1169559"]
[Date "2013.4.8"]
[Round "1"]
[White "JungJoe"]
[Black "junipero"]
[Result "1-0"]
[WhiteElo "2018"]
[BlackElo "1952"]

1. c4 c5 2. Nc3 Nc6 3. g3 d6 4. Bg2 e5 5. e3 Nf6 6. Nge2 Bd7 7. O-O Be7 8. Rb1
O-O 9. a3 a6 10. b4 cxb4 11. axb4 Rc8 12. b5 axb5 13. Nxb5 Na5 14. d3 Bc6 15. e4
h6 16. Bd2 b6 17. Na7 Ra8 18. Nxc6 Nxc6 19. Bh3 Qc7 20. Rb5 Ra3 21. Be3 Rb8 22.
Qb1 Bd8 23. Rc1 Na7 24. Rb3 Rxb3 25. Qxb3 Qc6 26. Nc3 Rb7 27. Nd5 Nxd5 28. cxd5
Qe8 29. Bf5 g6 30. Bg4 h5 31. Be2 Qd7 32. d4 f6 33. dxe5 fxe5 34. Ba6 Rc7 35.
Rc6 Nxc6 36. dxc6+ Qf7 37. Bc4 Qxc4 38. Qxc4+ Kg7 39. Bxb6 Rc8 40. Bxd8 Rxd8 41.
c7 Rc8 42. Qc6 Kf8 43. Qd7 1-0

[Event "AUTO-MASTER-1849"]
[Site "http://www.queenalice.com/game.php?id=1169560"]
[Date "2013.4.8"]
[Round "1"]
[White "junipero"]
[Black "JungJoe"]
[Result "1/2-1/2"]
[WhiteElo "1959"]
[BlackElo "2014"]

1. d4 Nf6 2. c4 g6 3. Nc3 d6 4. Nf3 Bg7 5. e3 O-O 6. g3 c5 7. Bg2 Bf5 8. O-O
Nbd7 9. Nh4 Rb8 10. Nxf5 gxf5 11. b3 Bh6 12. d5 Kh8 13. Bb2 a6 14. Bh3 e6 15.
dxe6 fxe6 16. Qxd6 Qb6 17. Ne4 Qxd6 18. Nxd6 Bg7 19. Bg2 b5 20. cxb5 axb5 21.
Bc6 Rb6 22. Bxd7 Nxd7 23. Bxg7+ Kxg7 24. Rfd1 Kf6 25. Nxb5 Ke7 26. Nc3 Rb4 27.
Rd2 Ne5 28. Kg2 Rd8 29. Rad1 Rxd2 30. Rxd2 Nc6 31. Na4 c4 32. Nc5 cxb3 33. axb3
Ne5 34. Nd3 Nxd3 35. Rxd3 Rb6 36. f3 Rc6 37. g4 Rc2+ 38. Kg3 fxg4 39. fxg4 h6
40. h4 e5 41. e4 Re2 42. Kf3 Rh2 43. h5 Kf6 44. Rd6+ Kg5 45. Rg6+ Kh4 46. b4
Rh3+ 47. Ke2 Rb3 48. Rxh6 Kxg4 49. Rh8 Rxb4 50. Kd3 Kf3 51. h6 Rd4+ 52. Kc3 Kxe4
53. h7 Rd3+ 54. Kc2 Rh3 55. Kd2 Rh2+ 56. Ke1 Ke3 57. Kf1 e4 58. Kg1 Rh6 59. Kg2
Rh5 60. Kf1 Rh6 61. Kg2 Rh5 62. Kg3 Rh6 63. Kg4 Rh1 64. Kf5 Rh2 65. Ke6 Ke2 66.
Ke5 e3 67. Ke4 Rh1 68. Ke5 Ke1 69. Ke4 e2 70. Ke3 Rh3+ 71. Ke4 Rh4+ 72. Ke5 Rh1
73. Ke4 Rh2 74. Ke3 Rh1 75. Ke4 Rh2 76. Ke3 1/2-1/2

[Event "AUTO-OPEN-2788"]
[Site "http://www.queenalice.com/game.php?id=1171194"]
[Date "2013.4.13"]
[Round "2"]
[White "JungJoe"]
[Black "denisan"]
[Result "0-1"]
[WhiteElo "2035"]
[BlackElo "2481"]

1. c4 f5 2. Nc3 Nf6 3. g3 e6 4. d4 d5 5. c5 b6 6. b4 a5 7. Ba3 axb4 8. Bxb4 Na6
9. a3 bxc5 10. Ba5 Nb8 11. Qa4+ Qd7 12. Nb5 Nc6 13. Nxc7+ Qxc7 14. Bxc7 Rxa4 15.
dxc5 Bxc5 16. e3 Bxa3 17. Bb5 Bb4+ 18. Ke2 Rxa1 19. Be5 Ra2+ 20. Kf3 Ng4 21. Ne2
Nxe5+ 22. Kf4 h6 0-1

[Event "AUTO-OPEN-2788"]
[Site "http://www.queenalice.com/game.php?id=1171195"]
[Date "2013.4.13"]
[Round "2"]
[White "denisan"]
[Black "JungJoe"]
[Result "1-0"]
[WhiteElo "2262"]
[BlackElo "1992"]

1. e4 c5 2. Nf3 d6 3. d4 cxd4 4. Qxd4 e5 5. Qe3 Nf6 6. Bc4 Qc7 7. b3 Bg4 8. O-O
Nc6 9. h3 Bxf3 10. Qxf3 Nd4 11. Qd3 O-O-O 12. Nc3 Kb8 13. Be3 Nc6 14. a3 a6 15.
Rfd1 h6 16. b4 b5 17. Bb3 Ne8 18. Nd5 Qd7 19. a4 Nd4 20. Bxd4 exd4 21. axb5 Qxb5
22. Bc4 Qd7 23. Rxa6 Nc7 24. Rb6+ 1-0

[Event "AUTO-OPEN-2788"]
[Site "http://www.queenalice.com/game.php?id=1171196"]
[Date "2013.4.13"]
[Round "2"]
[White "JungJoe"]
[Black "raven225"]
[Result "1-0"]
[WhiteElo "2020"]
[BlackElo "1668"]

1. c4 c5 2. Nc3 Nf6 3. g3 Nc6 4. Bg2 e6 5. Nf3 Be7 6. O-O O-O 7. e4 d6 8. d3 Nd4
9. Nxd4 cxd4 10. Ne2 e5 11. h3 Re8 12. b4 a6 13. f4 Qc7 14. f5 Rb8 15. a3 b5 16.
Qb3 bxc4 17. Qxc4 Qb6 18. Bd2 Bb7 19. Bf3 Rbc8 20. Qb3 Rc7 21. Rac1 Rec8 22. g4
1-0

[Event "AUTO-OPEN-2788"]
[Site "http://www.queenalice.com/game.php?id=1171197"]
[Date "2013.4.13"]
[Round "2"]
[White "raven225"]
[Black "JungJoe"]
[Result "0-1"]
[WhiteElo "1670"]
[BlackElo "2018"]

1. e4 c6 2. c3 d5 3. e5 Bf5 4. d4 e6 5. Nf3 b5 6. Bd3 Bxd3 7. Qxd3 g6 8. O-O Bg7
9. Nbd2 Ne7 10. Nb3 Nd7 11. Bg5 h6 12. Be3 Nf5 13. Nc5 Nxc5 14. dxc5 O-O 15. Bd4
Qc7 16. b4 Rfb8 17. g4 Ne7 18. Rfe1 Kh7 19. a3 Rf8 20. g5 h5 21. Rad1 Nf5 22.
Kg2 Rh8 0-1

[Event "Challenge"]
[Site "http://www.queenalice.com/game.php?id=1223521"]
[Date "2013.10.10"]
[Round "-"]
[White "koutouzov"]
[Black "JungJoe"]
[Result "1-0"]
[WhiteElo "1841"]
[BlackElo "1979"]

1. d4 Nf6 2. Nc3 g6 3. e4 d6 4. Be2 Bg7 5. Nf3 O-O 6. O-O Nc6 7. d5 Nb8 8. h3
Bd7 9. Bd3 c6 10. Be3 Qc8 11. Qe2 Bxh3 12. gxh3 Qxh3 13. Nh2 Qd7 14. Kh1 Ne8 15.
Rg1 b5 16. Qg4 e6 17. dxe6 fxe6 18. Raf1 b4 19. Na4 c5 20. b3 Nf6 21. Qg2 Nc6
22. f4 Ne7 23. Nf3 Bh6 24. Qh3 Nh5 25. Ng5 1-0

[Event "Aberto Goiano"]
[Site "http://www.queenalice.com/game.php?id=1234224"]
[Date "2013.11.21"]
[Round "2"]
[White "JungJoe"]
[Black "robertson"]
[Result "1-0"]
[WhiteElo "1940"]
[BlackElo "1803"]

1. c4 e5 2. Nc3 c6 3. e4 d6 4. g3 Nf6 5. d3 h6 6. Bg2 Na6 7. Nge2 Bg4 8. O-O g5
9. Be3 Qd7 10. h3 Bh5 11. g4 Bg6 12. a3 h5 13. Ng3 hxg4 14. Nf5 gxh3 15. Bf3
Bxf5 16. exf5 Qxf5 17. Be4 Qe6 18. Re1 Nc5 19. Bf3 Rg8 20. Kh2 Nfd7 21. b4 Na6
22. Bg4 f5 23. Bxh3 Qh6 24. Rg1 Be7 25. Kg2 Qh7 26. Rh1 O-O-O 27. Bg4 Qg6 28.
Bh5 Qf6 29. Be2 g4 30. Bxa7 Rh8 31. b5 Nac5 32. Bxc5 dxc5 33. bxc6 Qxc6+ 34. Nd5
Nf6 35. Rxh8 Nxd5 36. Rxd8+ Bxd8 37. cxd5 Qxd5+ 38. f3 gxf3+ 39. Bxf3 Qg8+ 40.
Kf2 Bh4+ 41. Ke2 b6 42. Qa4 Qg6 43. Qa8+ Kd7 44. Qb7+ Kd8 45. Qd5+ Ke7 46. Qxe5+
Kf8 47. Qh8+ Ke7 48. Qxh4+ Kd7 49. Qf4 Qe6+ 50. Kf2 Qf6 51. Ra2 Qf7 52. Rb2 Qf6
53. Rd2 Qd4+ 54. Qxd4+ cxd4 55. Rb2 Kc7 56. Rb5 f4 57. Rd5 Kc6 58. Rxd4+ Kc5 59.
Rxf4 b5 60. Rb4 Kb6 61. d4 1-0

[Event "Challenge"]
[Site "http://www.queenalice.com/game.php?id=1250818"]
[Date "2014.1.24"]
[Round "-"]
[White "picapal"]
[Black "JungJoe"]
[Result "1-0"]
[WhiteElo "1933"]
[BlackElo "1957"]

1. e4 c6 2. d4 d5 3. e5 Bf5 4. Bd3 Bxd3 5. Qxd3 e6 6. Nf3 Qb6 7. O-O Nd7 8. b3
Be7 9. Ba3 c5 10. Bb2 c4 11. Qd1 Rc8 12. c3 Nh6 13. Bc1 Nf5 14. g4 Nh6 15. h3 f6
16. exf6 Nxg4 17. fxe7 Ngf6 18. Ne5 Nxe5 19. dxe5 Ne4 20. Be3 Qa5 21. Qg4 Kf7
22. b4 Qc7 23. f3 Nxc3 24. Nxc3 Qxe5 25. Bd4 h5 26. Bxe5 hxg4 27. fxg4+ Kxe7 28.
Rf3 Rh7 29. Raf1 g5 30. Nb5 1-0

[Event "Aberto Goiano"]
[Site "http://www.queenalice.com/game.php?id=1296724"]
[Date "2014.7.23"]
[Round "3"]
[White "Rutty"]
[Black "JungJoe"]
[Result "0-1"]
[WhiteElo "2131"]
[BlackElo "1951"]

1. d4 Nf6 2. c4 g6 3. Nf3 Bg7 4. Nc3 d6 5. e4 Nfd7 6. Bd3 Nc6 7. d5 Bxc3+ 8.
bxc3 Nce5 9. O-O Nxf3+ 10. Qxf3 Ne5 11. Qe2 Bg4 12. f3 Bd7 13. Bh6 c5 14. Rab1
b6 15. Bg7 Rg8 16. Bxe5 dxe5 17. f4 Qc7 18. f5 gxf5 19. exf5 O-O-O 20. Qe4 Rg5
21. Rb2 Rdg8 22. Qf3 f6 23. Rd1 Be8 24. Rdb1 Bh5 25. Qh3 Kd7 26. a4 Ke8 27. g3
e4 28. Bxe4 Rxg3+ 29. hxg3 Rxg3+ 30. Qxg3 Qxg3+ 31. Bg2 Qxc3 32. Bf1 Qd4+ 33.
Rf2 Bf3 34. Rb2 Qg4+ 35. Bg2 Bxg2 36. Rxg2 Qd4+ 37. Kh2 Qh4+ 38. Kg1 Qe1+ 39.
Kh2 Qe5+ 40. Kh1 Qxf5 41. Rg8+ Kd7 42. Rbg2 Qf1+ 43. Kh2 Qxc4 44. d6 Qf4+ 45.
Kh3 Qxd6 46. Ra8 Qd3+ 47. Rg3 Qf5+ 0-1

[Event "noroc4"]
[Site "http://www.queenalice.com/game.php?id=1305237"]
[Date "2014.8.30"]
[Round "1"]
[White "squarsh"]
[Black "JungJoe"]
[Result "0-1"]
[WhiteElo "1919"]
[BlackElo "1974"]

1. e4 g6 2. Bc4 e6 3. Nc3 Bg7 4. Nf3 Ne7 5. d4 O-O 6. Bg5 f6 7. Bf4 g5 8. Nxg5
fxg5 9. Bxg5 Qe8 10. Qd2 Nbc6 11. O-O-O Bxd4 12. Bh6 Rf6 13. Rdf1 Qg6 14. Be3
Bxe3 15. Qxe3 Ne5 16. Bb3 b6 17. Kb1 Ba6 18. Rfg1 Raf8 19. f3 Kh8 20. Ne2 Bxe2
21. Qxe2 N7c6 22. Ka1 Nd4 23. Qe3 c5 24. h4 Qh6 25. Re1 Nc4 26. Qxh6 Rxh6 27.
Kb1 Nxb3 28. axb3 Ne5 29. Rd1 Rf7 30. Rd2 Kg7 31. h5 Ng6 32. Rf2 Ne5 33. Rff1
Rhf6 34. Kc1 Kh6 35. Rh4 Rf4 36. Rfh1 Rxh4 37. Rxh4 Kg5 38. Rh1 d5 0-1

[Event "Aberto Goiano"]
[Site "http://www.queenalice.com/game.php?id=1332748"]
[Date "2015.1.4"]
[Round "4"]
[White "JungJoe"]
[Black "pgierech"]
[Result "1-0"]
[WhiteElo "1990"]
[BlackElo "1885"]

1. c4 Nf6 2. Nc3 g6 3. e4 Bg7 4. d4 O-O 5. e5 Ne8 6. Nf3 d6 7. Bf4 Nc6 8. Be2
dxe5 9. dxe5 Qxd1+ 10. Rxd1 Bf5 11. O-O Rd8 12. Rd5 Rxd5 13. cxd5 Nb4 14. Rd1
Na6 15. Bxa6 bxa6 16. Be3 Bc8 17. Bc5 f5 18. h3 Nd6 19. exd6 exd6 20. Bd4 Bxd4
21. Nxd4 Re8 22. f4 Bd7 23. Kf2 Rb8 24. b3 Kf7 25. Re1 Rb4 26. Ke3 Rb8 27. Kd3
Re8 28. Rxe8 Kxe8 29. Nce2 Ke7 30. Nc6+ Bxc6 31. dxc6 d5 32. Kd4 Kd6 33. Nc3
Kxc6 34. Nxd5 Kd6 35. Nxc7 Kxc7 36. Ke5 a5 37. a4 Kd7 38. Kf6 Ke8 39. Kg7 Ke7
40. g3 Ke8 41. Kf6 1-0

[Event "noroc4"]
[Site "http://www.queenalice.com/game.php?id=1370817"]
[Date "2015.7.10"]
[Round "3"]
[White "limonajar"]
[Black "JungJoe"]
[Result "0-1"]
[WhiteElo "1778"]
[BlackElo "2008"]

1. e4 c6 2. Nc3 d5 3. exd5 cxd5 4. d4 Bf5 5. Nf3 e6 6. Bg5 Be7 7. Bxe7 Nxe7 8.
Bb5+ Nbc6 9. Ne5 h6 10. O-O a6 11. Ba4 b5 12. Bb3 Nxe5 13. dxe5 Rc8 14. Ne2 Nc6
15. Nd4 Nxd4 16. Qxd4 Bxc2 17. Qa7 Ra8 18. Qb7 Bh7 19. Rfc1 O-O 20. Rc6 Qb8 21.
Qxb8 Rfxb8 0-1

[Event "OS INCLIVEIS"]
[Site "http://www.queenalice.com/game.php?id=1371698"]
[Date "2015.7.14"]
[Round "-"]
[White "adelio"]
[Black "JungJoe"]
[Result "0-1"]
[WhiteElo "1647"]
[BlackElo "2002"]

1. d4 g6 2. c4 Nf6 3. Nc3 d6 4. e4 Bg7 5. Be2 O-O 6. h4 h5 7. Bg5 Nc6 8. Bxf6
Bxf6 9. Nf3 Bg4 10. Nd5 Bg7 11. Ng5 Bxe2 12. Qxe2 Nxd4 13. Qd2 c5 14. Nf3 Nxf3+
15. gxf3 e6 16. Qg5 Qxg5 17. hxg5 exd5 18. cxd5 c4 19. Rb1 Rfc8 20. O-O Be5 21.
Kg2 Bf4 22. Rbe1 Bd2 23. Rd1 Bxg5 24. Rg1 Bf4 25. Rh1 Kg7 26. Rh4 Bg5 27. Rhh1
Bf4 28. Rh4 Bg5 29. Rh3 Rh8 30. Rd4 Rac8 31. a4 c3 32. bxc3 Rxc3 33. Rb4 b6 34.
Rb5 Ra3 35. a5 Rxa5 36. Rb1 Rc8 37. Rg1 Rc2 38. Rf1 Be3 39. Rg3 Raa2 40. f4 Bxf2
41. Rxf2 Rxf2+ 42. Kg1 Rfc2 43. Rf3 Rc1+ 44. Rf1 Rxf1+ 45. Kxf1 Rc2 46. f5 b5
47. Ke1 b4 48. Kd1 b3 49. fxg6 fxg6 50. e5 Rc5 51. e6 b2 52. e7 Kf7 53. Kd2 b1=Q
54. Ke3 Qb4 55. Ke2 Rc3 56. Kd1 Qb2 57. Ke1 Rc1# 0-1

[Event "OS INCLIVEIS"]
[Site "http://www.queenalice.com/game.php?id=1371699"]
[Date "2015.7.14"]
[Round "-"]
[White "JungJoe"]
[Black "adelio"]
[Result "1-0"]
[WhiteElo "2004"]
[BlackElo "1704"]

1. c4 c5 2. Nc3 e6 3. e4 Be7 4. g3 Nc6 5. Nge2 d6 6. Bg2 Nf6 7. O-O h5 8. h4 e5
9. Nd5 Be6 10. Rb1 Nxd5 11. cxd5 Bd7 12. dxc6 Bxc6 13. d3 f6 14. Nc3 g5 15. Bf3
Qd7 16. Bxh5+ Kd8 17. Bg4 Qe8 18. h5 Kc7 19. Nd5+ Bxd5 20. exd5 b5 21. Kg2 f5
22. Bxf5 Rxh5 23. Rh1 Rh8 24. Rxh8 Qxh8 25. Qh1 Qf6 26. Qh7 Rh8 27. Qg6 Qf8 28.
Bxg5 Bxg5 29. Qxg5 Rg8 30. Qh5 Qg7 31. Qh7 a5 32. Rh1 c4 33. dxc4 b4 34. Qxg7+
Rxg7 35. Rh7 Rxh7 36. Bxh7 Kd8 37. Kf3 Ke7 38. Kg4 Kf6 39. Kh5 a4 40. g4 b3 41.
a3 Kg7 42. Bf5 Kf6 43. Bd7 e4 44. Kh6 Ke5 45. g5 Kf4 46. g6 Kf3 47. g7 Kxf2 48.
g8=Q e3 49. Bg4 e2 50. Qf7+ Ke3 51. Qf3+ Kd2 52. Qxe2+ Kc1 53. Qf2 Kb1 54. Qd2
Ka2 55. Bf5 Ka1 56. Qc1+ Ka2 57. Qb1# 1-0

[Event "noroc4"]
[Site "http://www.queenalice.com/game.php?id=1399464"]
[Date "2015.12.19"]
[Round "4"]
[White "JungJoe"]
[Black "tewald"]
[Result "1-0"]
[WhiteElo "2015"]
[BlackElo "1991"]

1. c4 Nf6 2. Nc3 g6 3. g3 Bg7 4. b4 d6 5. Bg2 c6 6. Rb1 O-O 7. e3 e5 8. d4 exd4
9. exd4 Re8+ 10. Nge2 Nbd7 11. Ba3 Ng4 12. O-O h5 13. b5 c5 14. dxc5 dxc5 15.
Qb3 Rb8 16. Rfe1 b6 17. Nd5 Bb7 18. Bb2 Bxb2 19. Qxb2 Bxd5 20. Bxd5 Ndf6 21. Bc6
Re7 22. Rbd1 Qc7 23. Nf4 Rxe1+ 24. Rxe1 a6 25. h3 Nxf2 26. Qxf2 Kg7 27. Kg2 axb5
28. Bxb5 g5 29. Nd3 Qb7+ 30. Qf3 Qa7 31. a4 Rd8 32. Qf5 Qb7+ 33. Kh2 Rd4 34.
Qxg5+ Kh7 35. Qxf6 1-0

[Event "noroc4"]
[Site "http://www.queenalice.com/game.php?id=1414276"]
[Date "2016.3.21"]
[Round "5"]
[White "dbwright308"]
[Black "JungJoe"]
[Result "1-0"]
[WhiteElo "1817"]
[BlackElo "2030"]

1. e4 c6 2. d4 d5 3. exd5 cxd5 4. Bb5+ Bd7 5. Bxd7+ Qxd7 6. Nf3 Nc6 7. O-O e6 8.
c3 Bd6 9. Na3 b6 10. Ng5 h6 11. Nh3 Nf6 12. Nb5 Bb8 13. a4 a6 14. Na3 O-O 15. g4
g5 16. f4 Ne7 17. fxg5 Qd6 18. Bf4 e5 19. Bxe5 Qe6 20. gxf6 Ng6 21. Bxb8 Raxb8
22. Re1 Qd6 23. Qd3 Nf4 24. Nxf4 Qxf4 25. Kh1 Qxf6 26. Rg1 Rbe8 27. Qd2 Re6 28.
g5 Qf3+ 29. Qg2 Qxg2+ 30. Rxg2 h5 31. Rag1 Kg7 32. Nc2 Rfe8 33. h4 Kg6 34. Rf2
Re4 35. Rf6+ Kg7 36. Rgf1 Rxh4+ 37. Kg2 Re2+ 38. Kg3 Rg4+ 39. Kh3 Re6 40. Rxe6
fxe6 41. Ne3 Re4 42. Rf3 Kg6 43. b3 Kxg5 44. c4 Rxd4 45. Rg3+ Kf4 46. cxd5 exd5
47. Kh4 Rd2 48. Ng2+ Ke5 49. Kxh5 d4 50. Ne1 Rd1 51. Nd3+ Kd5 52. Rg5+ Ke4 53.
Nf2+ 1-0